| 000 | 00548nam a2200193Ii 4500 | ||
|---|---|---|---|
| 003 | JO-AjNU | ||
| 008 | 230605s9999||||xx |||||||||||||| ||und|| | ||
| 040 |
_aJO-AjNU _bara _erda _cJO-AjNU |
||
| 041 | _aara | ||
| 050 | 1 | 4 | _aPJ7842.H22.M3 1900 |
| 100 | 3 |
_aتأليف خضرة، شاهر, _eauthor _949466 |
|
| 245 | 0 | 0 | _aما بصالح ((شعر)) |
| 264 | 3 | 1 | _aد.ن |
| 300 | _a142ص | ||
| 336 |
_atext _btxt _2rdacontent |
||
| 337 |
_aunmediated _bn _2rdamedia |
||
| 338 |
_avolume _bnc _2rdacarrier |
||
| 650 | 4 |
_aالشعر العربي _949467 |
|
| 999 |
_aA21728 _c25296 _d25296 |
||